[Event "2015 NA Class B Ch Finals, S50189"]
[Site "CCLA"]
[Date "2015.04.27"]
[Round "?"]
[White "Hansen, Michael"]
[Black "Disque, Philip"]
[Result "1-0"]
[WhiteElo "1754"]
[BlackElo "1603"]

1. e4 Nf6 2. e5 Nd5 3. d4 d6 4. Nf3 dxe5 5. Nxe5 c6 6. Be2 Bf5 7. O-O Nd7 
8. Nf3 e6 9. c4 N5f6 10. Bf4 Be7 11. Nh4 Be4 12. Nc3 Bg6 13. Nxg6 hxg6 14.
 Re1 Nh5 15. Bxh5 gxh5 16. d5 Nf8 17. Qf3 Qb6 18. Ne4 cxd5 19. cxd5 Qxb2 
20. d6 Bd8 21. Nc5 Nd7 22. Rab1 Qxb1 23. Rxb1 Nxc5 24. d7+ Nxd7 25. Qxb7 
Nb6 26. Qc6+ Ke7 27. Bg5+ f6 28. Qb7+ Kd6 29. Rd1+ Kc5 30. Be3+ Kb5 31. 
Rb1+ 1-0

[Event "2015 NA Class A Ch Finals, S50179"]
[Site "CCLA"]
[Date "2015.04.27"]
[Round "?"]
[White "Smail, John"]
[Black "Cacas, Alexander"]
[Result "0-1"]
[WhiteElo "1720"]
[BlackElo "1891"]

1. e4 Nf6 2. e5 Nd5 3. d4 d6 4. Nf3 Bg4 5. Be2 e6 6. h3 Bh5 7. O-O Be7 8. 
c4 Nb6 9. Nc3 O-O 10. Be3 d5 11. b3 Nc6 12. c5 Nc8 13. Nd2 Bxe2 14. Qxe2 
a6 15. f4 f6 16. a3 fxe5 17. fxe5 Bxc5 18. dxc5 d4 19. Qg4 dxe3 20. Qxe6+ 
Kh8 21. Nf3 Re8 22. Qg4 Nxe5 23. Nxe5 Rxe5 24. Rad1 Qe8 25. Qf4 Na7 26. 
Ne2 Nc6 27. Rd7 Re7 28. Rxc7 Rd8 29. Rxe7 Qxe7 30. b4 h6 31. Rf3 Rd1+ 32. 
Kh2 Rd3 33. Qc4 Ne5 0-1

[Event "2015 NA Class A Ch Finals, S50179"]
[Site "CCLA"]
[Date "2015.04.27"]
[Round "?"]
[White "Smail, John"]
[Black "Clancey, James"]
[Result "0-1"]
[WhiteElo "1720"]
[BlackElo "2019"]

1. e4 Nf6 2. e5 Nd5 3. d4 d6 4. Nf3 Bg4 5. Be2 e6 6. c4 Nb6 7. O-O Be7 8. 
h3 Bh5 9. Nc3 O-O 10. Be3 d5 11. b3 dxc4 12. bxc4 Nc6 13. c5 Nd5 14. Rc1 
Nxc3 15. Rxc3 Bg6 16. Qd2 Be4 17. Rd1 Nb4 18. Ng5 Bg6 19. Bf3 Nd5 20. Bxd5
Qxd5 21. f4 b5 22. Rb3 h6 23. Nf3 Rfb8 24. Bf2 a5 25. Bh4 Bf8 26. Nh2 b4 
27. Ng4 a4 28. Rb2 b3 29. a3 Re8 30. Ne3 Qd7 31. Qc3 Be4 32. g4 g5 33. Bg3
Rab8 34. h4 Ba8 35. hxg5 Qc6 36. Kh2 hxg5 37. f5 Rbd8 38. fxe6 Rxe6 39. d5
Rh6+ 40. Kg2 Qxc5 41. Qxc5 Bxc5 42. Nf5 Rh8 0-1

[Event "2015  Server Team - Div 3, S53999"]
[Site "CCLA"]
[Date "2015.10.30"]
[Round "?"]
[White "Kircher, Caleb"]
[Black "Vaughan, James"]
[Result "0-1"]
[WhiteElo "1926"]
[BlackElo "2259"]
[Board "1"]
[WhiteTeam "Idaho Mountaineers"]
[BlackTeam "Knights of the Square Table"]

1. f4 g6 2. e4 d5 3. e5 c5 4. Bb5+ Bd7 5. Bxd7+ Qxd7 6. Nf3 Nh6 7. O-O Nf5
8. d4 e6 9. c3 cxd4 10. cxd4 h5 11. Nc3 Nc6 12. a3 Na5 13. Qd3 Rc8 14. Rb1
Qc6 15. Be3 Be7 16. Bf2 Qc4 17. Rfd1 O-O 18. Ne2 Qxd3 19. Rxd3 Rc2 20. Kf1
Nc4 21. Rc3 Rc8 22. Rxc2 Nce3+ 23. Bxe3 Nxe3+ 24. Kf2 Ng4+ 25. Kg3 Rxc2 
26. Nc1 Ne3 27. Ne1 Nf5+ 28. Kf3 Nxd4+ 29. Ke3 Nf5+ 30. Kd3 Rf2 31. Ne2 
Bd8 32. Rc1 Kg7 33. Rc8 Bb6 34. Rb8 h4 35. h3 Ne3 36. Rxb7 Nxg2 37. Nxg2 
Rxg2 38. b4 Rg3+ 39. Kd2 Rxh3 40. a4 Be3+ 41. Kd1 Rh1+ 42. Kc2 Ra1 0-1

[Event "2015  Server Team - Div 3, S53999"]
[Site "CCLA"]
[Date "2015.10.30"]
[Round "?"]
[White "Kircher, Caleb"]
[Black "Douglass, Paul"]
[Result "0-1"]
[WhiteElo "1926"]
[BlackElo "1821"]
[Board "1"]
[WhiteTeam "Idaho Mountaineers"]
[BlackTeam "BCCA Bishops"]

1. f4 g6 2. e4 Bg7 3. Nf3 b6 4. d4 Bb7 5. Bd3 d6 6. Qe2 Nd7 7. O-O c5 8. 
c3 Qc7 9. Nbd2 Nh6 10. e5 cxd4 11. cxd4 O-O 12. Ne4 dxe5 13. dxe5 Nc5 14. 
Nxc5 bxc5 15. Be3 Ng4 16. Rac1 Nxe3 17. Qxe3 Qb6 18. Qxc5 Bxf3 19. gxf3 
Bh6 20. Be4 Rab8 21. b3 Bxf4 22. Qxb6 axb6 23. Rc7 e6 24. Rd1 Rbd8 25. 
Rdd7 Bxe5 26. Rxd8 Rxd8 27. Rc2 Kg7 28. Kg2 Rd1 29. Bc6 g5 30. h3 h5 31. 
Bb5 h4 32. Bc4 Bd4 33. Re2 Kg6 34. a4 Rg1+ 35. Kh2 Rg3 36. Re4 Bc5 37. f4 
Bd6 38. Bxe6 Bxf4 0-1

[Event "2015 REGULAR QUAD, S50219"]
[Site "CCLA"]
[Date "2015.05.11"]
[Round "?"]
[White "Metz, Edward"]
[Black "Selby, Robin"]
[Result "1-0"]
[WhiteElo "1397"]
[BlackElo "1190"]

1. d4 g6 2. e4 Bg7 3. Nf3 e6 4. Be3 c5 5. c3 b6 6. Bb5 Bb7 7. Nbd2 Nf6 8. 
Qc2 O-O 9. O-O-O a6 10. Bc4 b5 11. Be2 d6 12. dxc5 Nc6 13. cxd6 Qxd6 14. 
Nc4 Qc7 15. Bb6 Qc8 16. Nd6 Qb8 17. Nxb7 Qxb7 18. Be3 e5 19. Nd2 a5 20. f4
a4 21. a3 Rac8 22. f5 Rc7 23. fxg6 hxg6 24. h4 Rfc8 25. Nf3 Ng4 26. Bg1 
Na5 27. Nd2 Nf6 28. Bh2 Nd7 29. Bg1 Rc6 30. h5 Bh6 31. Kb1 Qc7 32. hxg6 
Nf6 33. Rxh6 Kg7 34. Be3 Nc4 35. Nxc4 Rh8 36. Rxh8 Kxh8 37. Rh1+ Kg7 38. 
Nd2 fxg6 39. Bxb5 Rd6 40. Bxa4 Rb6 41. Bxb6 Qxb6 42. Nc4 Qc7 43. b3 Kf7 
44. Qf2 Kg7 45. Qh4 Nh5 46. g3 Kh6 47. g4 Qf7 48. gxh5 Qe6 49. hxg6+ Kxg6 
50. Qh7+ Kg5 51. Qg7+ Qg6 52. Rg1+ Kf4 53. Rxg6 Kxe4 54. Qxe5+ 1-0

[Event "2015 REGULAR QUAD, S50379"]
[Site "CCLA"]
[Date "2015.08.20"]
[Round "?"]
[White "Smiley, William R."]
[Black "Tarrant, Johnny L."]
[Result "1-0"]
[WhiteElo "1613"]
[BlackElo "1154"]

1. e4 g6 2. d4 Bg7 3. Nf3 d6 4. Bc4 e6 5. Bb3 Nf6 6. Nbd2 Nc6 7. c3 O-O 8.
 O-O a5 9. Re1 Re8 10. Nf1 e5 11. Ng5 d5 12. f4 Bg4 13. Qd3 exd4 14. cxd4 
Qd7 15. Ng3 Nb4 16. Qd2 h6 17. Nf3 dxe4 18. Ne5 Qe7 19. Bxf7+ Kh7 20. 
Bxg6+ Kg8 21. Bxe8 Rxe8 22. a3 h5 23. axb4 Qxb4 24. Qxb4 axb4 25. Nxe4 
Nxe4 26. Rxe4 b6 27. Bd2 Bf8 28. Nxg4 Rxe4 29. Nf6+ Kf7 30. Nxe4 c5 31. d5
c4 32. Ra7+ Kg6 33. d6 Bg7 34. Rxg7+ Kxg7 35. d7 b3 36. d8=Q 1-0

[Event "2015 Server Team Champ - Div 4, S54999"]
[Site "CCLA"]
[Date "2015.10.28"]
[Round "?"]
[White "Shaffer, Aaron"]
[Black "Fullen, Peter J."]
[Result "1-0"]
[WhiteElo "1151"]
[BlackElo "1359"]
[Board "6"]
[WhiteTeam "Pennsylvania Duck Patrol"]
[BlackTeam "Norsemen"]

1. d4 g6 2. e4 Bg7 3. Nc3 d6 4. h3 Nf6 5. Bc4 O-O 6. Nf3 Bd7 7. e5 Ne8 8. 
O-O Nc6 9. a3 dxe5 10. dxe5 Nxe5 11. Nxe5 Bxe5 12. Bd2 Nf6 13. Re1 Bd4 14.
 Bh6 Re8 15. Qxd4 Bc6 16. Qxd8 Raxd8 17. Rad1 Rxd1 18. Rxd1 Nh5 19. Be3 
1-0

[Event "2015 Server Team Ch - Div 1, S51999"]
[Site "CCLA"]
[Date "2015.10.30"]
[Round "?"]
[White "Delaney, Alan"]
[Black "Buss, Michael D."]
[Result "0-1"]
[WhiteElo "2182"]
[BlackElo "2369"]
[Board "2"]
[WhiteTeam "SchemingMind B"]
[BlackTeam "Pennsylvania Keystones"]

1. d4 g6 2. e4 Bg7 3. Nc3 d6 4. Be3 a6 5. Qd2 b5 6. f3 Nd7 7. h4 h5 8. Nh3
Ngf6 9. Ng5 O-O 10. O-O-O Bb7 11. g4 hxg4 12. fxg4 b4 13. Ne2 Nxe4 14. 
Nxe4 Bxe4 15. Rh3 Nf6 16. g5 Nh5 17. Nf4 Nxf4 18. Bxf4 c5 19. d5 c4 20. 
Bxc4 Qc8 21. Bf1 Qf5 22. Rh2 Rac8 23. Bh3 Rxc2+ 24. Qxc2 Qxf4+ 25. Qd2 
Bxb2+ 26. Kxb2 Qe5+ 27. Kb3 Bxd5+ 28. Ka4 Qg3 29. Qb2 Bc6+ 30. Ka5 d5 31. 
Qf2 Qd6 32. h5 Rb8 33. hxg6 Qc7+ 34. Kxa6 Bb5# 0-1

[Event "2015 Server Team Ch - Div 1, S51999"]
[Site "CCLA"]
[Date "2015.10.30"]
[Round "?"]
[White "Sutton, Alan B."]
[Black "O'Connell, Chris"]
[Result "0-1"]
[WhiteElo "2283"]
[BlackElo "2399"]
[Board "1"]
[WhiteTeam "BCCA Kings"]
[BlackTeam "Pennsylvania Keystones"]

1. e4 g6 2. d4 Bg7 3. Nc3 d6 4. Be3 a6 5. Qd2 b5 6. f3 Nd7 7. h4 h6 8. 
O-O-O Bb7 9. h5 g5 10. d5 Ne5 11. f4 gxf4 12. Bxf4 Ng4 13. Nf3 Qd7 14. Nd4
e5 15. Nf5 Bf6 16. Be3 Nxe3 17. Nxe3 Bg5 18. a3 Nf6 19. Be2 c5 20. dxc6 
Qxc6 21. Kb1 Qc5 22. Qxd6 Qxd6 23. Rxd6 Nxe4 24. Nxe4 Bxe4 25. Bd3 Bxd3 
26. Rxd3 Rd8 27. Rd5 Rxd5 28. Nxd5 Kd7 29. Rd1 f5 30. Nb4+ Ke6 31. Nxa6 
Rc8 32. Nb4 e4 33. c3 f4 34. Kc2 Kf5 35. Rd4 Re8 36. Rd2 e3 37. Re2 Bh4 
38. Nc6 Ke4 39. Nd4 Rb8 40. Nf3 Bf2 41. Nd2+ Kf5 42. Nf3 Kg4 43. Kd3 Rd8+ 
44. Nd4 Kg3 45. Rc2 Kxg2 46. Ke2 Rxd4 0-1

[Event "2015 Server Team Ch - Div 2"]
[Site "CCLA"]
[Date "2015.10.30"]
[Round "?"]
[White "Young III, William C."]
[Black "Brotherton, Trevor S."]
[Result "0-1"]
[WhiteElo "2013"]
[BlackElo "1894"]
[Board "1"]
[WhiteTeam "Chairmen of the Board"]
[BlackTeam "SchemingMind C"]

1. e4 g6 2. d4 d6 3. Nc3 Bg7 4. Be3 a6 5. f4 b5 6. Bd3 Nd7 7. e5 Nh6 8. 
Qe2 O-O 9. Nf3 Bb7 10. O-O-O e6 11. Kb1 f5 12. a3 Rb8 13. Qd2 Re8 14. Rhe1
Nf7 15. Be2 Nb6 16. Bf2 dxe5 17. dxe5 Qxd2 18. Rxd2 Bf8 19. Na2 c5 20. 
Bxc5 Bxc5 0-1

[Event "2015  Server Team - Div 3, S53999"]
[Site "CCLA"]
[Date "2015.10.30"]
[Round "?"]
[White "Siegfried, Will"]
[Black "Tibbert, Peter H."]
[Result "0-1"]
[WhiteElo "1724"]
[BlackElo "1789"]
[Board "3"]
[WhiteTeam "Idaho Mountaineers"]
[BlackTeam "BCCA Bishops"]

1. e4 d6 2. d4 g6 3. Nc3 Bg7 4. Be3 c6 5. f4 b5 6. Nf3 Nd7 7. Bd3 Nb6 8. 
Qe2 Nf6 9. O-O O-O 10. h3 b4 11. Nd1 Bb7 12. Nf2 Qc7 13. e5 Nfd5 14. Bd2 
a5 15. h4 c5 16. c3 c4 17. Be4 bxc3 18. bxc3 Na4 19. Rac1 e6 20. h5 Rac8 
21. hxg6 fxg6 22. g3 dxe5 23. Ng5 Qe7 24. dxe5 Nc5 25. Bc2 h6 26. Nf3 Qf7 
27. Qxc4 Ba6 28. Qd4 Rfd8 29. Rfe1 Nb6 30. Qe3 Nc4 0-1

[Event "2015  Server Team - Div 3, S53999"]
[Site "CCLA"]
[Date "2015.10.30"]
[Round "?"]
[White "Kircher, Caleb"]
[Black "Weiss, Lester P."]
[Result "0-1"]
[WhiteElo "1926"]
[BlackElo "2103"]
[Board "1"]
[WhiteTeam "Idaho Mountaineers"]
[BlackTeam "Canadian Snowbirds"]

1. e4 d6 2. Bc4 Nf6 3. d3 c6 4. Bb3 Nbd7 5. c3 e5 6. Nf3 Nc5 7. Bc2 Be7 8.
 h3 h6 9. Qe2 Qc7 10. d4 Ne6 11. a4 O-O 12. O-O a5 13. Na3 Nh5 14. g3 Nf6 
15. Kh2 b6 16. Be3 Ba6 17. Bd3 Bxd3 18. Qxd3 exd4 19. cxd4 d5 20. e5 Ne4 
21. Ng1 f6 22. f3 Nxg3 23. Kxg3 fxe5 24. dxe5 Qxe5+ 25. f4 Nxf4 26. Bxf4 
Bh4+ 27. Kg2 Rxf4 28. Rxf4 Qxf4 29. Rf1 Qxa4 30. Qg6 Ra7 31. Nf3 Re7 32. 
Qh5 Bf6 33. Rf2 Qe4 34. Qg4 Qxg4+ 35. hxg4 Re4 36. Kg3 Rb4 0-1

[Event "2015 NA Class D Ch Finals, S50469"]
[Site "CCLA"]
[Date "2016.02.18"]
[Round "?"]
[White "Acebo, Brian"]
[Black "Stetson, Micah P."]
[Result "1-0"]
[WhiteElo "1360"]
[BlackElo "1474"]

1. e4 d6 2. Nf3 Bg4 3. h3 Bh5 4. Be2 e5 5. O-O Nf6 6. Nc3 c6 7. d3 Be7 8. 
Be3 Nbd7 9. Nh2 Bxe2 10. Qxe2 O-O 11. Nf3 d5 12. exd5 cxd5 13. Bd2 Qc7 14.
 a3 1-0

[Event "2015 NA Class D Ch Finals, S50469"]
[Site "CCLA"]
[Date "2016.02.18"]
[Round "?"]
[White "Gunning, Edward E."]
[Black "Stetson, Micah P."]
[Result "0-1"]
[WhiteElo "1403"]
[BlackElo "1474"]

1. e4 d6 2. Nc3 Nf6 3. Nf3 Bg4 4. d4 c6 5. Be2 e6 6. O-O Be7 7. e5 dxe5 8.
 Nxe5 Bxe2 9. Nxe2 Nbd7 10. c3 Nxe5 11. dxe5 Qxd1 12. Rxd1 Nd5 13. Nf4 Rd8
14. Nxd5 Rxd5 15. Rxd5 cxd5 16. Be3 b6 17. Rd1 g5 18. Rd4 b5 19. a4 a6 20.
 b3 f6 21. f4 gxf4 22. Bxf4 Bc5 23. Be3 Bxd4 24. Bxd4 fxe5 25. Bxe5 Rf8 
26. Bd6 Rf7 27. axb5 axb5 28. b4 h5 29. h4 Rf5 30. Bg3 e5 31. Bf2 Kd7 32. 
Bc5 Rf4 33. Bf2 d4 34. cxd4 Ke6 35. g3 Rg4 36. dxe5 Rxb4 37. Bc5 Rb1+ 38. 
Kg2 Kxe5 39. Kf3 b4 40. g4 Kd5 41. Be3 b3 42. gxh5 b2 43. h6 Ra1 44. h7 
Ra8 0-1

[Event "2015 REGULAR QUAD, S50429"]
[Site "CCLA"]
[Date "2015.11.04"]
[Round "?"]
[White "Acosta, Errol"]
[Black "Gravelle, Gary"]
[Result "1-0"]
[WhiteElo "1494"]
[BlackElo "1387"]

1. e4 d6 2. f4 Nf6 3. Nc3 Bg4 4. Nf3 e6 5. d3 Nc6 6. Be2 d5 7. O-O Bc5+ 8.
 d4 Bb6 9. e5 Nd7 10. h3 Bxf3 11. Bxf3 Nxd4 12. Kh1 Nxf3 13. Qxf3 Qe7 14. 
Bd2 O-O-O 15. Na4 Rdg8 16. Nxb6+ Nxb6 17. a4 Qc5 18. a5 Nc4 19. Bc1 Nxb2 
20. Bxb2 Qxc2 21. Ba3 g5 22. Rac1 Qg6 23. Qc3 c6 24. a6 1-0

[Event "2015 NA Class D Ch Finals, S50469"]
[Site "CCLA"]
[Date "2016.02.18"]
[Round "?"]
[White "Cain, Larry F."]
[Black "Stetson, Micah P."]
[Result "0-1"]
[WhiteElo "1321"]
[BlackElo "1474"]

1. e4 d6 2. d4 Nf6 3. Nd2 e5 4. d5 Be7 5. Bb5+ Nfd7 6. Ngf3 c6 7. Bc4 O-O 
8. O-O Nc5 9. b3 Bg4 10. Re1 Bg5 11. Be2 Nbd7 12. Nxg5 Bxe2 13. Qxe2 Qxg5 
14. Nf3 Qd8 15. c4 a5 16. Bg5 Nf6 17. Bxf6 Qxf6 18. Rad1 a4 19. bxa4 Nxa4 
20. Qc2 c5 21. Rb1 Rfb8 22. Ra1 Qd8 23. Re3 b5 24. cxb5 Rxb5 25. Rb1 Rxb1+
26. Qxb1 c4 27. Qc1 c3 28. Qc2 Qb6 29. h3 Qb2 30. Re2 Qxc2 31. Rxc2 Rb8 
32. Kh2 Rb2 33. Rxb2 Nxb2 34. Ne1 Kf8 35. Nc2 Ke7 36. f3 Kd7 37. Kg1 Kc7 
38. Kf1 Kb6 39. Ke2 Kc5 0-1

[Event "2015 NA Class C Ch Finals, S50409"]
[Site "CCLA"]
[Date "2015.10.13"]
[Round "?"]
[White "McLaughlin, Ed"]
[Black "Perry, William E."]
[Result "1-0"]
[WhiteElo "1493"]
[BlackElo "1442"]

1. d4 Nf6 2. Nd2 g6 3. e4 d6 4. c3 Bg7 5. f4 O-O 6. Bc4 e5 7. Ngf3 Re8 8. 
fxe5 dxe5 9. Nxe5 Be6 10. Qb3 b6 11. Nxf7 Kxf7 12. Bxe6+ Rxe6 13. O-O Ke7 
14. e5 Nbd7 15. exf6+ Nxf6 16. Nf3 Qd5 17. Qb4+ c5 18. Qb3 Qxb3 19. axb3 
Re2 20. dxc5 bxc5 21. Re1 Rxe1+ 22. Nxe1 Kd6 23. Bf4+ Kc6 24. Nf3 Nd5 25. 
Ne5+ Bxe5 26. Bxe5 Re8 27. Bg3 Kb6 28. Rd1 Kc6 29. Rd2 Nb6 30. Rd6+ Kb7 
31. Rf6 Re7 32. Bd6 Rd7 33. Bxc5 Rc7 34. Bd4 Nd5 35. Rf3 a6 36. Kf2 Re7 
37. Be3 Nxe3 38. Rxe3 Rd7 39. Ke2 Kc7 40. b4 Kb7 41. Rd3 Re7+ 42. Kd2 Rf7 
43. Kc2 Kc7 44. Rh3 1-0

[Event "Winter Series, S50081"]
[Site "CCLA"]
[Date "2015.01.28"]
[Round "?"]
[White "Lyons, Gage W."]
[Black "Martindale, Roger"]
[Result "0-1"]
[WhiteElo "1205"]
[BlackElo "1174"]

1. d4 d6 2. e4 a6 3. Nf3 h6 4. Nc3 e6 5. Bc4 b5 6. Bb3 Be7 7. O-O Nc6 8. 
d5 Na5 9. Nd4 Nxb3 10. axb3 Bb7 11. Be3 exd5 12. exd5 Nf6 13. Nde2 c6 14. 
dxc6 Bxc6 15. Nd4 Bb7 16. b4 Qd7 17. Re1 d5 18. Na2 O-O 19. c3 Bd6 20. f3 
a5 21. Qe2 a4 22. Nc1 Ba6 23. Nf5 Qxf5 24. Qd3 Qh5 25. g3 Qxf3 26. Qf1 Qg4
27. Qe2 h5 28. Qxg4 Nxg4 29. Bd4 Rfe8 30. Nd3 Re7 31. Rxe7 Bxe7 32. Re1 
Bd6 33. Nf2 Nxf2 34. Kxf2 Bb7 35. Ra1 Bc8 36. b3 Bf5 37. bxa4 Rxa4 38. 
Rxa4 bxa4 39. c4 dxc4 40. Bc3 a3 0-1

[Event "2015 REGULAR QUAD, S50089"]
[Site "CCLA"]
[Date "2015.03.06"]
[Round "?"]
[White "Catania, Duane"]
[Black "Smith, Dan W."]
[Result "1/2-1/2"]
[WhiteElo "1642"]
[BlackElo "1430"]

1. e4 d6 2. d4 Nf6 3. Bd3 Nc6 4. c3 g6 5. Nf3 Bg7 6. O-O O-O 7. Nbd2 Bg4 
8. h3 Bxf3 9. Nxf3 e6 10. Bg5 e5 11. Qb3 b6 12. Rad1 Qd7 13. Bb5 exd4 14. 
Nxd4 1/2-1/2

[Event "Winter Series, S50041"]
[Site "CCLA"]
[Date "2015.01.28"]
[Round "?"]
[White "McLaughlin, Ed"]
[Black "Graupera, Carlos"]
[Result "0-1"]
[WhiteElo "1493"]
[BlackElo "1514"]

1. d4 d6 2. e4 Nf6 3. Bd3 g6 4. Bg5 Bg7 5. f4 c5 6. e5 dxe5 7. dxe5 Nd5 8.
 Bb5+ Nc6 9. c4 Qa5+ 10. Qd2 Qxd2+ 11. Kxd2 Nc7 12. Bxc6+ bxc6 13. Ne2 Bg4
14. Nbc3 Ne6 15. Bh4 Rd8+ 16. Ke3 Bxe2 17. Nxe2 f6 18. exf6 exf6 19. Rhd1 
O-O 20. g4 Rfe8 21. Rxd8 Rxd8 22. Rb1 Nxf4 23. Bg3 Nxe2 24. Kxe2 Rd4 25. 
h3 Rxc4 26. Kd3 Rd4+ 27. Kc2 f5 28. gxf5 gxf5 29. b3 Re4 30. Re1 Kf7 31. 
Kd3 Rxe1 32. Bxe1 Ke6 33. Kc4 Bd4 34. Bg3 Be3 35. Kd3 f4 36. Bh4 Kd5 37. 
Bg5 Ke5 38. Bh6 Kf5 39. Bf8 Bd4 40. Be7 f3 41. Bd6 f2 42. Ke2 Kg5 43. Bg3 
Kf5 44. Bxf2 Bxf2 45. Kxf2 Kf4 46. Ke2 Kg3 47. a4 Kxh3 48. Kf3 h5 49. a5 
Kh2 50. Kf2 h4 51. Kf3 h3 52. Kf2 a6 53. Kf1 Kg3 54. Kg1 h2+ 55. Kh1 Kh3 
56. b4 c4 57. b5 c3 0-1

[Event "2015 Server Team Ch - Div 2"]
[Site "CCLA"]
[Date "2015.10.30"]
[Round "?"]
[White "Belanoff, Stuart"]
[Black "Brotherton, Trevor S."]
[Result "1/2-1/2"]
[WhiteElo "2201"]
[BlackElo "1894"]
[Board "1"]
[WhiteTeam "Queen & Knights"]
[BlackTeam "SchemingMind C"]

1. Nf3 d6 2. d4 g6 3. e4 Bg7 4. Bd3 Nf6 5. O-O O-O 6. c3 Nbd7 7. Be3 e5 8.
 Qc2 c6 9. dxe5 Nxe5 10. Nxe5 dxe5 11. a4 Nh5 12. Bc4 Nf4 13. f3 b6 14. 
Na3 Be6 15. g3 Bxc4 16. Nxc4 Ne6 17. Rfd1 Qc7 18. b4 Rfd8 19. Kg2 Bf8 20. 
Qf2 Rxd1 21. Rxd1 b5 22. Nb2 Be7 23. h4 h5 24. Ra1 Bf8 25. axb5 cxb5 26. 
Nd1 a6 27. Qe2 Qc6 1/2-1/2

[Event "2015 Server Team Ch - Div 2"]
[Site "CCLA"]
[Date "2015.10.30"]
[Round "?"]
[White "Graupera, Carlos"]
[Black "Evans, Stanley W."]
[Result "0-1"]
[WhiteElo "1477"]
[BlackElo "1717"]
[Board "6"]
[WhiteTeam "Big Red Fuzzy"]
[BlackTeam "Queen & Knights"]

1. e4 d6 2. d4 Nf6 3. Nc3 e5 4. dxe5 dxe5 5. Qxd8+ Kxd8 6. Bg5 Be6 7. 
O-O-O+ Nd7 8. Nf3 Kc8 9. Bb5 Bd6 10. Rd2 a6 11. Ba4 b5 12. Bb3 Bxb3 13. 
cxb3 b4 14. Bxf6 bxc3 0-1

[Event "2015  Server Team - Div 3, S53999"]
[Site "CCLA"]
[Date "2015.10.30"]
[Round "?"]
[White "Gosling, David C."]
[Black "Stetson, Micah P."]
[Result "0-1"]
[WhiteElo "1500"]
[BlackElo "1403"]
[Board "5"]
[WhiteTeam "BCCA Bishops"]
[BlackTeam "Canadian Snowbirds"]

1. d4 d6 2. e4 Nf6 3. Nc3 c6 4. h3 Qa5 5. Bd2 e5 6. d5 Be7 7. b3 O-O 8. 
Na4 Qc7 9. Qf3 Na6 10. Bxa6 bxa6 11. Ne2 cxd5 12. exd5 Qxc2 13. Qc3 Qxc3 
14. Naxc3 Bb7 15. O-O Nxd5 16. a3 Nxc3 17. Nxc3 Rac8 18. b4 d5 19. f3 Bf6 
20. Rac1 e4 21. Na4 Bd4+ 22. Kh1 e3 23. Rxc8 Rxc8 24. Bxe3 Bxe3 25. Nb2 
Rc1 26. Rxc1 Bxc1 27. Nd3 Be3 28. Nc5 Bxc5 29. bxc5 Kf8 30. Kg1 Ke7 31. 
Kf2 Ke6 32. Ke3 g5 33. Kd4 Kf5 34. g3 h5 35. a4 a5 36. Ke3 Ke5 37. f4+ 
gxf4+ 38. gxf4+ Kf5 39. h4 Kg4 40. Kd4 Kxf4 41. Kd3 Kf3 42. Kd4 f5 43. Ke5
f4 44. Kd6 d4 45. Kc7 Be4 46. c6 d3 47. Kd7 Bxc6+ 48. Kxc6 d2 0-1

[Event "2015 REGULAR QUAD, S50429"]
[Site "CCLA"]
[Date "2015.11.04"]
[Round "?"]
[White "Bearce, Harold L."]
[Black "Gravelle, Gary"]
[Result "0-1"]
[WhiteElo "1111"]
[BlackElo "1387"]

1. e4 d6 2. d4 Nf6 3. Nc3 c6 4. f4 Qa5 5. h3 Nxe4 6. Bd2 Nxc3 7. Bxc3 Qc7 
8. Nf3 Bf5 9. Bd3 Bxd3 10. Qxd3 d5 11. Qd2 e6 12. O-O-O Bd6 13. Bb4 Bxf4 
0-1

[Event "Summer Series, S50341"]
[Site "CCLA"]
[Date "2015.07.25"]
[Round "?"]
[White "Bearce, Harold L."]
[Black "Stetson, Micah P."]
[Result "0-1"]
[WhiteElo "1111"]
[BlackElo "1403"]

1. e4 d6 2. d4 Nf6 3. Nc3 c6 4. f4 Qa5 5. Bd2 e5 6. Nd5 Qd8 7. Qe2 cxd5 8.
 dxe5 dxe5 9. fxe5 Nxe4 10. O-O-O Nc6 11. Be3 Bc5 12. Nf3 Bxe3+ 13. Qxe3 
Be6 14. Bb5 Qa5 15. Bxc6+ bxc6 16. Nd2 Nxd2 0-1

[Event "2015  Server Team - Div 3, S53999"]
[Site "CCLA"]
[Date "2015.10.30"]
[Round "?"]
[White "Acosta, Errol"]
[Black "Stetson, Micah P."]
[Result "0-1"]
[WhiteElo "1494"]
[BlackElo "1403"]
[Board "5"]
[WhiteTeam "Idaho Mountaineers"]
[BlackTeam "Canadian Snowbirds"]

1. e4 d6 2. d4 Nf6 3. Nc3 c6 4. f4 Qa5 5. Nf3 Nxe4 6. Bd2 Nxd2 7. Qxd2 Bg4
8. Be2 e6 9. O-O Be7 10. h3 Bxf3 11. Rxf3 O-O 12. b4 Qb6 13. a4 d5 14. Na2
Nd7 15. c3 a5 16. b5 c5 17. Raf1 cxd4 18. cxd4 Bf6 19. f5 Qxd4+ 20. Qxd4 
Bxd4+ 21. Kh1 e5 22. Nc1 e4 23. Rg3 Nc5 24. Bd1 b6 25. Ne2 Be5 26. Nf4 Nd3
27. Rxd3 exd3 28. Nxd3 Rfe8 29. Bc2 f6 30. Bb3 Rad8 31. Rc1 g6 32. g4 Bg3 
33. Kg2 Re3 34. Rd1 Kg7 35. fxg6 hxg6 36. Kf1 d4 37. Rc1 Rxd3 38. Bc4 Rc3 
0-1

[Event "2015 REGULAR QUAD, S50089"]
[Site "CCLA"]
[Date "2015.03.06"]
[Round "?"]
[White "Williams, Rufus H."]
[Black "Smith, Dan W."]
[Result "1-0"]
[WhiteElo "1309"]
[BlackElo "1430"]

1. e4 d6 2. d4 Nf6 3. Nc3 g6 4. Bc4 Nfd7 5. Bxf7+ Kxf7 6. Qf3+ Ke8 7. Bg5 
c6 8. Nh3 Qc7 9. Nf4 Nf6 10. O-O-O Bg4 11. Qd3 Bxd1 12. Rxd1 Bg7 13. Ne6 
Qd7 14. Nxg7+ Kf8 15. Bh6 Kf7 16. Qf3 Rg8 17. e5 dxe5 18. dxe5 Qe6 19. 
Nxe6 1-0

[Event "2015 REGULAR QUAD, S50379"]
[Site "CCLA"]
[Date "2015.08.20"]
[Round "?"]
[White "Parenteau, Mike"]
[Black "Tarrant, Johnny L."]
[Result "1-0"]
[WhiteElo "1632"]
[BlackElo "1154"]

1. e4 g6 2. d4 Bg7 3. Nc3 d6 4. Be3 Nf6 5. Qd2 a6 6. f3 b5 7. g4 Bb7 8. h4
Nfd7 9. O-O-O h5 10. g5 f6 11. gxf6 exf6 12. d5 c5 13. dxc6 Bxc6 14. Qxd6 
Bf8 15. Qe6+ Be7 16. Nd5 Rh7 17. Nxf6+ Nxf6 18. Rxd8+ Kxd8 19. Bh3 Ng4 20.
 Bb6+ 1-0

[Event "Winter Series, S50071"]
[Site "CCLA"]
[Date "2015.01.28"]
[Round "?"]
[White "Lyons, Brenda M."]
[Black "Wasser, Jared"]
[Result "0-1"]
[WhiteElo "1221"]
[BlackElo "1192"]

1. d4 d6 2. e4 Nf6 3. Nc3 g6 4. Nf3 Bg4 5. Be2 Bg7 6. h3 Bd7 7. O-O O-O 8.
 Bf4 Nc6 9. Bc4 Re8 10. Re1 e5 11. dxe5 dxe5 12. Be3 Qc8 13. Kh2 Na5 14. 
Be2 b6 15. b3 Nc6 16. Ng1 Rd8 17. Qc1 Ne7 18. Bh6 Bxh6 19. Qxh6 Kh8 20. 
Qg5 Kg7 21. Qxe5 Re8 22. Qg3 c6 23. Rad1 h5 24. a4 Rb8 25. Nf3 Neg8 26. 
Ne5 Qc7 27. Nxd7 Qxg3+ 28. fxg3 Nxd7 29. Na2 Ne5 30. Nb4 Nf6 31. Bf3 c5 
32. Nd5 Nfg4+ 33. Bxg4 hxg4 34. h4 g5 35. hxg5 Rbd8 36. Nf4 Rh8+ 37. Kg1 
Rxd1 38. Rxd1 c4 39. b4 a5 40. b5 c3 41. Ne2 Re8 42. Nxc3 Nc4 43. Rd4 Ne3 
44. Rd6 Rc8 45. Nd5 Rxc2 46. Nxe3 Rc1+ 47. Kh2 Re1 48. Nxg4 Rxe4 49. Kh3 
Rxa4 50. Rxb6 Rb4 51. Ne5 a4 52. Rb7 a3 53. g6 a2 54. gxf7 a1=Q 55. Ng6 
Qh1# 0-1

[Event "2015 REGULAR QUAD, S50359"]
[Site "CCLA"]
[Date "2015.08.08"]
[Round "?"]
[White "Shaffer, Aaron"]
[Black "Fullen, Peter J."]
[Result "0-1"]
[WhiteElo "1151"]
[BlackElo "1359"]

1. d4 g6 2. e4 Bg7 3. Nf3 d6 4. Bc4 Nf6 5. Nc3 O-O 6. O-O Nxe4 7. Nxe4 d5 
8. Bxd5 Qxd5 9. Re1 Nc6 10. Be3 Qxe4 11. c3 Bg4 12. h3 Bxf3 13. Qxf3 Qxf3 
14. gxf3 Rfe8 15. b4 e5 16. dxe5 Nxe5 17. f4 Nf3+ 18. Kf1 Nxe1 19. Rxe1 
Bxc3 20. Re2 Bxb4 0-1